00923nam a2200301Ia 450000100060000000300100000600500170001600700030003300800410003602000180007704000350009504100080013008200150013810000280015324500620018125000220024326400310026530000270029633600270032333700330035033800280038360000400041165000410045165000370049265000350052965000330056470000240059757250CO-BoRNBP20250606163141.0ta180109s9999 xx 000 0 und d a9786071130341 aCO-BoRNBPbspaerdacCO-BoRNBP aspa0 a927.8 L25f1 aFoenkinos, David, 1974-10aLennon /cDavid Foenkinos ; traducción de César Aira. aPrimera edición 1aMéxico :bAlfaguara;2013 a189 páginas ;c24 cm atextobtxt2rdacontent asin mediaciónbn2rdamedia avolumenbnc2rdacarrier14aLennon, John, 1940-1980 - Biografia04aMésicos De Rock - Inglaterra2LEMB04aMésica Rock - Inglaterra2LEMB04aMésica Rock - Siglo XX2LEMB04aMésicos - Biografias2LEMB aAira, Cesar,d1949-